№ 9; Металлургическая теплотехника

Bibliographic Details
Parent link:Металлургическая теплотехника: тематический отраслевой сборник/ СССР, Министерство черной металлургии (Минчермет). № 9.— , 1972-
Corporate Author: Всесоюзный научно-исследовательский институт металлургической теплотехники (ВНИИМТ)
Language:Russian
Published: 1981
Subjects:
Format: Book
KOHA link:https://koha.lib.tpu.ru/cgi-bin/koha/opac-detail.pl?biblionumber=20004

MARC

LEADER 00000nam2a2200000 4500
001 20004
005 20231101205326.0
035 |a (RuTPU)RU\TPU\book\20177 
035 |a BOOK00019843 
035 |a RU\TPU\book\19773 
090 |a 20004 
100 |a 20011209d1981 k y0rusy50 ca 
101 0 |a rus 
102 |a RU 
105 |a a z 001zy 
200 0 |a № 9 
210 |d 1981 
215 |a 147 с.  |c ил. 
320 |a Библиогр. в конце ст. 
461 1 |0 (RuTPU)RU\TPU\book\19723  |t Металлургическая теплотехника  |o тематический отраслевой сборник  |f СССР, Министерство черной металлургии (Минчермет)  |v № 9  |d 1972-  
601 0 2 |a Всесоюзный научно-исследовательский институт металлургической теплотехники (ВНИИМТ)  |c (Екатеринбург)  |c (1956-1991)  |2 stltpush  |3 (RuTPU)RU\TPU\col\18897 
606 1 |a Металлургическая теплотехника  |2 stltpush  |3 (RuTPU)RU\TPU\subj\73963  |9 86610 
610 1 |a металлургическое сырье 
610 1 |a подготовка 
610 1 |a чугун 
610 1 |a производство 
610 1 |a сталь 
610 1 |a прокат 
610 1 |a газ 
610 1 |a мазут 
610 1 |a сжигание 
610 1 |a теплофизика 
610 1 |a ферросплавы 
610 1 |a прокат 
610 1 |a термообработка 
610 1 |a газодинамика 
610 1 |a горение 
675 |a 669.04  |v 3 
712 0 2 |a Всесоюзный научно-исследовательский институт металлургической теплотехники (ВНИИМТ)  |c (Екатеринбург)  |c (1956-1991)  |2 stltpush  |3 (RuTPU)RU\TPU\col\18897 
801 0 |a RU  |b 63413507  |c 20011209  |g PSBO 
801 2 |a RU  |b 63413507  |c 20170602  |g RCR 
942 |c BK